[Event "Barcelona Primavera La Lira op 5th"]
[Site "Barcelona"]
[Date "2012.05.24"]
[Round "6"]
[White "Grammatico, Mauro"]
[Black "Subirats Bordas, Josep"]
[Result "1-0"]
[WhiteElo "1700"]
[BlackElo "1544"]
[PlyCount "101"]
[EventDate "2012.04.19"]
[EventType "swiss"]
[EventRounds "9"]
[EventCountry "ESP"]
[SourceTitle "CBM 148 Extra"]
[Source "ChessBase"]
[SourceDate "2012.06.22"]
[SourceVersion "1"]
[SourceVersionDate "2012.06.22"]
[SourceQuality "1"]

1. e4 e5 2. d4 exd4 3. c3 dxc3 4. Nxc3 d6 5. Bc4 Qf6 6. Nf3 h6 7. Nd5 Qd8 8. 0-0 c6 9. Nc3 Bg4 10. Qb3 Qc7 11. Nd2 b5 12. Be2 Be6 13. Qd1 Be7 14. Bg4 Qd7 15. Be2 Nf6 16. b4 Ng4 17. a4 0-0 18. axb5 cxb5 19. Nxb5 Nc6 20. Rb1 a6 21. Nc3 Nd4 22. Bc4 Ne5 23. Bxe6 Nxe6 24. Nd5 Nc7 25. Nb6 Qb5 26. Nxa8 Rxa8 27. Nf3 Rd8 28. Nd4 Qb7 29. Nf5 Bf8 30. Qe2 Ne6 31. Rd1 d5 32. b5 d4 33. f4 Bc5 34. Kh1 d3 35. Qb2 Ng4 36. Rf1 Qb6 37. bxa6 Nf2+ 38. Rxf2 Bxf2 39. Qxb6 Bxb6 40. Rxb6 d2 41. Bxd2 Rxd2 42. g3 Re2 43. Ne7+ Kh7 44. Nc6 Nc5 45. a7 Nd7 46. Rb7 Nc5 47. Rxf7 Nxe4 48. Rf8 Nf2+ 49. Kg2 Ng4+ 50. Kf3 h5 51. a8Q 1-0

[Event "Barcelona Primavera La Lira op 5th"]
[Site "Barcelona"]
[Date "2012.04.19"]
[Round "1"]
[White "Subirats Bordas, Josep"]
[Black "Marques Soriano, Valentin"]
[Result "0-1"]
[WhiteElo "1544"]
[BlackElo "1841"]
[PlyCount "50"]
[EventDate "2012.04.19"]
[EventType "swiss"]
[EventRounds "9"]
[EventCountry "ESP"]
[SourceTitle "CBM 148 Extra"]
[Source "ChessBase"]
[SourceDate "2012.06.22"]
[SourceVersion "1"]
[SourceVersionDate "2012.06.22"]
[SourceQuality "1"]

1. e4 e5 2. Nf3 Nc6 3. Bb5 d6 4. c3 Nf6 5. d3 Be7 6. Bg5 0-0 7. Bxc6 bxc6 8. Nbd2 Bg4 9. h3 Bh5 10. g4 Bg6 11. Nh4 d5 12. Nxg6 fxg6 13. Qe2 Rb8 14. b3 d4 15. c4 Bb4 16. 0-0 Qd7 17. Bh4 Bxd2 18. Bxf6 Rxf6 19. Qxd2 Rf3 20. Kg2 Rbf8 21. Rad1 Qf7 22. Qe2 Qf6 23. Qe1 Qh4 24. Rd2 Qxh3+ 25. Kg1 Qxg4+ 0-1